Eastern Utah Libraries Catalog: Duchesne, Heber, Roosevelt, & Vernal

Make meatballs sing : (Record no. 370303)

MARC details
000 -LEADER
fixed length control field 02316cam a22004698i 4500
001 - CONTROL NUMBER
control field on1238128594
003 - CONTROL NUMBER IDENTIFIER
control field OCoLC
005 - DATE AND TIME OF LATEST TRANSACTION
control field 20220210162431.0
008 - FIXED-LENGTH DATA ELEMENTS--GENERAL INFORMATION
fixed length control field 210217s2021 nyua j b 000 0beng
010 ## - LIBRARY OF CONGRESS CONTROL NUMBER
LC control number 2021007171
015 ## - NATIONAL BIBLIOGRAPHY NUMBER
National bibliography number GBC1A2227
Source bnb
016 7# - NATIONAL BIBLIOGRAPHIC AGENCY CONTROL NUMBER
Record control number 020241278
Source Uk
020 ## - INTERNATIONAL STANDARD BOOK NUMBER
International Standard Book Number 9781592703166
Qualifying information (hardcover)
020 ## - INTERNATIONAL STANDARD BOOK NUMBER
International Standard Book Number 159270316X
Qualifying information (hardcover)
035 ## - SYSTEM CONTROL NUMBER
System control number (OCoLC)1238128594
040 ## - CATALOGING SOURCE
Original cataloging agency DLC
Language of cataloging eng
Description conventions rda
Transcribing agency DLC
Modifying agency OCLCO
-- OCLCF
-- UKMGB
-- IK2
-- UOK
042 ## - AUTHENTICATION CODE
Authentication code pcc
043 ## - GEOGRAPHIC AREA CODE
Geographic area code n-us---
049 ## - LOCAL HOLDINGS (OCLC)
Holding library UOKA
050 00 - LIBRARY OF CONGRESS CALL NUMBER
Classification number NE2237.5.K4
Item number B87 2021
082 00 - DEWEY DECIMAL CLASSIFICATION NUMBER
Classification number 769.92
-- B
Edition number 23
092 ## - LOCALLY ASSIGNED DEWEY CALL NUMBER (OCLC)
Classification number J769.92 C8132B 2021
999 ## - SYSTEM CONTROL NUMBERS (KOHA)
Koha Dewey Subclass [OBSOLETE] 03716757
100 1# - MAIN ENTRY--PERSONAL NAME
Personal name Burgess, Matthew
Relator term author.
9 (RLIN) 6440620
245 10 - TITLE STATEMENT
Title Make meatballs sing :
Remainder of title the life & art of Corita Kent /
Statement of responsibility, etc word by Matthew Burgess ; pictures by Kara Kramer.
250 ## - EDITION STATEMENT
Edition statement First edition.
264 #1 - Production, Publication, Distribution, Manufacture, and Copyright Notice.
Place of production, publication, distribution, manufacture Brooklyn, New York :
Name of producer, publisher, distributor, manufacturer Enchanted Lion Books,
Date of production, publication, distribution, manufacture, or copyr 2021.
300 ## - PHYSICAL DESCRIPTION
Extent 1 volume :
Other physical details colour illustrations ;
Dimensions 28 cm
336 ## - Content Type
Content type term text
337 ## - Media type
Media type term unmediated
338 ## - Carrier type
Carrier type term volume
504 ## - BIBLIOGRAPHY, ETC. NOTE
Bibliography, etc Includes bibliographical references.
520 ## - SUMMARY, ETC.
Summary, etc "Deeply influenced by her religious beliefs and fired up by the social justice causes of her day, Corita Kent lived a remarkable life as a nun, educator, designer, artist, and activist. This story from well-known author Matthew Burgess, vibrantly illustrated by artist Kara Kramer, draws readers into the life of a singular woman whose work and commitment invite us all to seek joy in the everyday, to observe the world with open eyes, and to question and see beyond the existing framework of society. This beautiful biography, made in close collaboration with the Corita Art Center, includes reproductions of Corita's works, a chronology, and author and illustrator notes"--
521 ## - TARGET AUDIENCE NOTE
Target audience note Ages 6-10
Source Enchanted Lion Books.
521 ## - TARGET AUDIENCE NOTE
Target audience note Grades 2-3
Source Enchanted Lion Books.
600 00 - SUBJECT ADDED ENTRY--PERSONAL NAME
Personal name Corita,
Dates associated with a name 1918-1986
Form subdivision Juvenile literature.
9 (RLIN) 6440621
610 20 - SUBJECT ADDED ENTRY--CORPORATE NAME
Corporate name or jurisdiction name as entry element Sisters of the Immaculate Heart of Mary
Form subdivision Biography
-- Juvenile literature.
9 (RLIN) 6440622
650 #0 - SUBJECT ADDED ENTRY--TOPICAL TERM
Topical term or geographic name as entry element Serigraphers
Geographic subdivision United States
Form subdivision Biography
-- Juvenile literature.
9 (RLIN) 6440623
700 1# - ADDED ENTRY--PERSONAL NAME
Personal name Kramer, Kara
Relator term illustrator.
9 (RLIN) 6440624
904 ## - LOCAL DATA ELEMENT D, LDD (RLIN)
a 3712889
b 03712889
c 202103712889
942 ## - ADDED ENTRY ELEMENTS (KOHA)
Source of classification or shelving scheme Dewey Decimal Classification
Koha item type BOOK
Holdings
Withdrawn status Lost status Source of classification or shelving scheme Damaged status Not for loan Collection code Home library Current library Shelving location Date acquired Source of acquisition Total Checkouts Total Renewals Full call number Barcode Date last seen Date checked out Cost, replacement price Price effective from Koha item type
    Dewey Decimal Classification     Children NonFiction Wasatch County Library Wasatch County Library Main Floor Childrens Area 02/10/2022 Baker & Taylor 9 6 E Biography Ken 34301001821356 11/13/2025 10/31/2025 18.95 02/10/2022 BOOK
This project was made possible through a grant from the Institute of Museum and Library Service administered by the Utah State Library Division.

Wasatch County Library

  • 465 East 1200 South, Heber City, Utah 84032
  • Phone 435-654-1511 | Fax 435-654-6456

Hours

  • Monday - Friday 9:30 AM - 8:00 PM
  • Saturday 9:30 AM - 1:30 PM
  • Closed Sundays and Holidays